| 000 | 00598ntaaa2200193 4500 | ||
|---|---|---|---|
| 003 | 01 | ||
| 005 | 20251027202536.0 | ||
| 008 | 0714s1973 ag 01 | ||
| 040 |
_aAR-BaBN _bspa _cAR-BaBN _eaacr _dRIC |
||
| 082 | _a278.2000 B83 | ||
| 100 |
_aBruno, Cayetano _935 |
||
| 245 | _aHistoria de la iglesia en la Argentina | ||
| 250 | _a1 ed. | ||
| 260 |
_aBuenos Aires : _bDon Bosco, _c1966 |
||
| 300 | _a12 v | ||
| 500 | _aEstudio que abarca el aspecto etnografico, linguistico y religioso del actual territorio argention S Xvi-1900 | ||
| 650 |
_aHistorias eclesiasticas-Argentina _924430 |
||
| 942 | _cBK | ||
| 999 |
_c20451 _d20451 |
||